| 000 | 00483nam a2200193Ia 4500 | ||
|---|---|---|---|
| 008 | 170918s9999 xx 000 0 und d | ||
| 020 | _a9780439805902 | ||
| 050 | _bC873 1989 | ||
| 100 | _aCoville, Bruce | ||
| 245 | _aMy teacher is an alien / | ||
| 245 | _cBruce Coville ; illustrated by Mike Wimmer. | ||
| 260 | _aNew York : | ||
| 260 | _bScholastic, | ||
| 260 | _c1989 | ||
| 300 | _a123 pages : | ||
| 300 | _bcolored illustration ; | ||
| 300 | _c19cm. | ||
| 500 | _a650 | ||
| 999 |
_c341819 _d341819 |
||